Départements avec le moins de communes - Statistiques

Statistiques générales
  • Ce quiz a été pris 60 fois
  • Le résultat moyen est 13 sur 20
Statistiques - réponses
Classement Nombre de communes Département % Correct
1 1 Paris (75)
91%
4 24 La Réunion (974)
84%
6 34 Martinique (972)
84%
2 17 Mayotte (976)
82%
10 102 Territoire de Belfort (90)
82%
5 32 Guadeloupe (971)
80%
8 40 Seine-Saint-Denis (93)
75%
3 22 Guyane (973)
71%
7 36 Hauts-de-Seine (92)
70%
12 124 Corse-du-Sud (2A)
68%
20 196 Essonne (91)
68%
18 185 Val-d'Oise (95)
68%
9 47 Val-de-Marne (94)
66%
17 185 Lozère (48)
61%
14 153 Var (83)
57%
15 163 Alpes-Maritimes (06)
54%
13 151 Vaucluse (84)
52%
16 172 Hautes-Alpes (05)
46%
11 119 Bouches-du-Rhône (13)
43%
19 195 Tarn-et-Garonne (82)
32%
Aucun quiz correspondant
Distribution des résultats
% des personnes avec chaque résultat
Percentile par nombre de réponses
Votre historique - résultats
Vous n’avez pas pris ce quiz